[Event "VIE-ch U09 Girls"]
[Site "Ho Chi Minh City"]
[Date "2014.07.13"]
[Round "2"]
[White "Tao, Minh Trang"]
[Black "Luong, Ngoc Khanh Linh"]
[Result "1-0"]
[WhiteElo "1550"]
[BlackElo "1580"]
[PlyCount "69"]
[EventDate "2014.07.13"]
[EventType "swiss"]
[EventRounds "9"]
[EventCountry "VIE"]
[SourceTitle "EXT 2016"]
[Source "ChessBase"]
[SourceDate "2015.10.08"]
[SourceVersion "1"]
[SourceVersionDate "2015.10.08"]
[SourceQuality "1"]

1. e4 e5 2. Nf3 Nc6 3. Nc3 Nf6 4. Bb5 d6 5. h3 h6 6. d4 exd4 7. Nxd4 Bd7 8. Bxc6 Bxc6 9. Qe2 Be7 10. 0-0 0-0 11. Re1 d5 12. exd5 Nxd5 13. Nxd5 Bxd5 14. Qxe7 Qc8 15. Bf4 Re8 16. Qxc7 Rxe1+ 17. Rxe1 Qxc7 18. Bxc7 Bxa2 19. b3 a5 20. Ra1 a4 21. Rxa2 a3 22. Nb5 Re8 23. Rxa3 Re1+ 24. Kh2 Re2 25. Ra7 Rxc2 26. Rxb7 Rxf2 27. b4 Rb2 28. Nd6 Kh7 29. b5 f6 30. b6 Rf2 31. Ra7 f5 32. b7 f4 33. b8Q f3 34. Qb1+ Kg8 35. Ra8# 1-0